| 000 | 00705nam a2200205 a 4500 | ||
|---|---|---|---|
| 001 | 234 | ||
| 003 | CDMR | ||
| 005 | 20130516193741.0 | ||
| 008 | 130130s1992||||||||||||||||||||||||||||d | ||
| 040 |
_aCDMR _bcat _cCDMR |
||
| 111 | 2 |
_aCongrés de Periodistes Catalans _cBarcelona _d1992 _n2on _9148 |
|
| 245 | 1 | 0 | _aAnàlisi del perfil del periodista de Catalunya |
| 260 |
_aBarcelona _c1992 _bCol.legi de Periodistes de Catalunya |
||
| 300 |
_a142 p ; _c30 cm |
||
| 500 | _aEdició de l'enquesta entregada als congresistes, realitzada per Opina | ||
| 650 | 0 | 4 |
_93445 _aPeriodisme _xCongressos |
| 650 | 0 | 4 |
_92030 _aPeriodisme _xOrientació professional |
| 650 | 0 | 4 |
_93083 _aCompetències professionals |
| 942 |
_cMON _2ddc |
||
| 999 |
_c234 _d234 |
||